Asean-Japan relations investment /

Bibliographic Details
Format: Book
Published: Singapore: Institute of Southeast Asian Studies, 1983.
Subjects:
LEADER 00514cam a2200169 7i4500
001 0000014475
005 20151104090000.0
005 ##20151104114800.0
003 ##MY-KlINT
020 # # |a 9971902621  
039 # 9 |y 201511041148  |z VLOAD 
090 0 0 |a 332.67352059   |b ASE 
245 0 0 |a Asean-Japan relations investment /   |c edited Sueo Sekiguchi. 
260 # # |a Singapore:   |b Institute of Southeast Asian Studies,   |c 1983. 
300 # # |a 273 p.. 
650 # 0 |a ASEAN countries --   |x Economic  
999 |a 0000004522  |b BOOK  |c Main Non-Fiction  |e INTAN BK